[Event "ECCC 2013"]
[Site "Rhodes"]
[Date "2013.10.26"]
[Round "7"]
[White "Jepson, Christian"]
[Black "Nijboer, Friso"]
[Result "1/2-1/2"]
[WhiteElo "2392"]
[BlackElo "2528"]
[PlyCount "221"]
[EventDate "2013.10.20"]
[EventType "team"]
[EventRounds "7"]
[EventCountry "GRE"]
[WhiteTeam "Limhamns SK"]
[BlackTeam "En Passant"]

1. d4 f5 2. g3 Nf6 3. Bg2 g6 4. Nf3 Bg7 5. O-O O-O 6. c4 d6 7. Nc3 c6 8. d5 e5
9. dxe6 Bxe6 10. b3 Na6 11. Ng5 Bc8 12. Bb2 Qe7 13. Nf3 Be6 14. Nd4 Bf7 15. Qd2
Rac8 16. e3 Nc5 17. Rac1 a6 18. Rfd1 Rfd8 19. Qc2 Qe8 20. Ba3 b5 21. Bb4 bxc4
22. bxc4 Nb7 23. Na4 Ne4 24. c5 dxc5 25. Bxc5 Nbxc5 26. Nxc5 Nxc5 27. Qxc5 Bf8
28. Qb6 c5 29. Nc6 Rxd1+ 30. Rxd1 c4 31. Qxa6 Rc7 32. Qb5 c3 33. Rc1 Bg7 34. a4
Bf6 35. a5 Qd7 36. a6 c2 37. a7 Rxa7 38. Nxa7 Qd2 39. Rxc2 Qxc2 40. Nc6 Qc1+
41. Qf1 Qd2 42. Bf3 Bb3 43. Qb1 Qc3 44. Kg2 Kg7 45. h4 Qb2 46. Qd3 Bf7 47. Qd7
Qb5 48. Qd6 Qb6 49. Bd5 Be8 50. Qe6 Bxc6 51. Bxc6 h5 52. Qd7+ Kh6 53. Bd5 Qd8
54. Qc6 Kg7 55. Bc4 Qe7 56. Qd5 Kh6 57. Qc6 Kg7 58. Be6 Kh6 59. Bd5 Kg7 60. e4
fxe4 61. Bxe4 Qf7 62. Qd6 Qe7 63. Qd3 Qf7 64. Bd5 Qd7 65. Qe4 Qf5 66. Qc4 Qd7
67. Be4 Qe7 68. Bc2 Qb7+ 69. Be4 Qe7 70. Bc2 Qb7+ 71. Kg1 Qe7 72. Qd3 Qe8 73.
Kg2 Qc6+ 74. Kg1 Qe8 75. Kf1 Kh6 76. Kg1 Kg7 77. Kg2 Qc6+ 78. Kh2 Qe8 79. f4
Kh6 80. Qf3 Qe1 81. Bd3 Qd2+ 82. Kh3 Qe1 83. f5 gxf5 84. Bxf5 Qe5 85. Be4 Qe6+
86. Kg2 Qa2+ 87. Kh3 Qe6+ 88. Bf5 Qe5 89. Bc2 Kg7 90. Bd3 Qe6+ 91. Kg2 Bxh4 92.
Qxh5 Bf6 93. Qg6+ Kf8 94. Bc4 Qxc4 95. Qxf6+ Kg8 96. Kh3 Qd3 97. Kh4 Qe4+ 98.
Kg5 Qe3+ 99. Qf4 Qe7+ 100. Kh5 Qe8+ 101. Kh4 Qe1 102. Qg4+ Kh7 103. Qf5+ Kh6
104. Qf6+ Kh7 105. Kg4 Qe2+ 106. Kg5 Qe3+ 107. Qf4 Qe7+ 108. Kh5 Qe8+ 109. Kh4
Qe1 110. Qf5+ Kh6 111. Qf6+ 1/2-1/2

[Event "ECCC 2013"]
[Site "Rhodes"]
[Date "2013.10.26"]
[Round "7"]
[White "Bosboom, Manuel"]
[Black "Johansson, Linus"]
[Result "1/2-1/2"]
[WhiteElo "2390"]
[BlackElo "2321"]
[PlyCount "82"]
[EventDate "2013.10.20"]
[EventType "team"]
[EventRounds "7"]
[EventCountry "GRE"]
[WhiteTeam "En Passant"]
[BlackTeam "Limhamns SK"]

1. Nf3 c5 2. g3 d5 3. Bg2 Nf6 4. O-O h6 5. c4 d4 6. b4 cxb4 7. a3 b3 8. d3 Nc6
9. Nbd2 e5 10. Qxb3 Bd6 11. a4 O-O 12. Ba3 Re8 13. Bxd6 Qxd6 14. a5 Rb8 15.
Rfb1 Bf5 16. Nh4 Bh7 17. a6 b6 18. Qb5 e4 19. f4 exf3 20. Bxf3 Ne5 21. Rb2 Rbc8
22. Rf1 Rc5 23. Qb3 Nxf3+ 24. Ndxf3 Ng4 25. Ng2 Ne5 26. Qa3 Nxf3+ 27. Rxf3 Qd7
28. Qb3 Bf5 29. Rf2 Qd6 30. Rd2 Bd7 31. Qb2 Bc6 32. Rf4 Rd8 33. Rd1 g5 34. Rf2
Ba8 35. e4 dxe3 36. Nxe3 Qc6 37. Kf1 Re8 38. Ng2 b5 39. d4 Rxc4 40. d5 Qxa6 41.
d6 Qb7 1/2-1/2

[Event "ECCC 2013"]
[Site "Rhodes"]
[Date "2013.10.26"]
[Round "7"]
[White "Schneider, Stefan"]
[Black "Vedder, Henk"]
[Result "1-0"]
[WhiteElo "2327"]
[BlackElo "2367"]
[PlyCount "83"]
[EventDate "2013.10.20"]
[EventType "team"]
[EventRounds "7"]
[EventCountry "GRE"]
[WhiteTeam "Limhamns SK"]
[BlackTeam "En Passant"]

1. d4 e6 2. c4 Bb4+ 3. Bd2 Bxd2+ 4. Qxd2 b6 5. Nc3 Bb7 6. e4 Nh6 7. Nf3 f5 8.
Bd3 O-O 9. d5 Na6 10. exf5 Nxf5 11. O-O exd5 12. cxd5 Nc5 13. Bc2 a5 14. Rfe1
Nd6 15. b3 Qf6 16. Re3 Qh6 17. Rae1 Nf5 18. Re5 Qxd2 19. Nxd2 Nd6 20. g3 Ba6
21. R1e3 b5 22. Nce4 Ncxe4 23. Nxe4 Nf5 24. Nf6+ Rxf6 25. Rxf5 Raf8 26. Rxf6
Rxf6 27. Re8+ Kf7 28. Ra8 b4 29. Ra7 Rd6 30. Be4 a4 31. Rxc7 a3 32. f3 h5 33.
Kf2 Ke7 34. Ke3 Kd8 35. Rc1 g5 36. Kd4 Rb6 37. Ke5 g4 38. f4 Bb5 39. d6 Be2 40.
Rc5 Rb5 41. Rxb5 Bxb5 42. Kd4 1-0

[Event "ECCC 2013"]
[Site "Rhodes"]
[Date "2013.10.26"]
[Round "7"]
[White "Vedder, Richard"]
[Black "Lindgren, Philip"]
[Result "1-0"]
[WhiteElo "2257"]
[BlackElo "2278"]
[PlyCount "83"]
[EventDate "2013.10.20"]
[EventType "team"]
[EventRounds "7"]
[EventCountry "GRE"]
[WhiteTeam "En Passant"]
[BlackTeam "Limhamns SK"]

1. e4 c6 2. d4 d5 3. exd5 cxd5 4. c4 Nf6 5. Nc3 Nc6 6. Nf3 Bg4 7. cxd5 Nxd5 8.
Bb5 Rc8 9. h3 Bxf3 10. Qxf3 e6 11. O-O Be7 12. Nxd5 exd5 13. Be3 O-O 14. Rfc1
Qd6 15. Bxc6 Rxc6 16. Rxc6 Qxc6 17. Rc1 Qb5 18. b3 Bd6 19. Bf4 Qa6 20. Bxd6
Qxd6 21. Rc5 Rd8 22. Qg3 g6 23. Rc7 Qf6 24. Qe3 Rb8 25. Qe7 Kg7 26. Qe5 Qxe5
27. dxe5 Re8 28. f4 g5 29. g3 gxf4 30. gxf4 Kg6 31. Kf2 h5 32. Rxb7 Rc8 33.
Rxa7 Rc3 34. h4 Kf5 35. Rxf7+ Ke4 36. e6 Rc2+ 37. Ke1 Kd3 38. e7 Re2+ 39. Kf1
d4 40. Rg7 Re4 41. f5 Kc2 42. Rg2+ 1-0

[Event "ECCC 2013"]
[Site "Rhodes"]
[Date "2013.10.26"]
[Round "7"]
[White "Papaioannou, Ioannis"]
[Black "Lubczynski, Rafal"]
[Result "1-0"]
[WhiteElo "2633"]
[BlackElo "2432"]
[PlyCount "77"]
[EventDate "2013.10.20"]
[EventType "team"]
[EventRounds "7"]
[EventCountry "GRE"]
[WhiteTeam "Peristeri"]
[BlackTeam "Sautron"]

1. d4 d5 2. Nf3 c6 3. c4 Nf6 4. e3 a6 5. Bd3 b5 6. c5 Bg4 7. Qc2 Bxf3 8. gxf3
g6 9. f4 e6 10. a4 Nbd7 11. b4 Bg7 12. Nd2 Nh5 13. Bb2 Bf6 14. Ke2 Ng7 15. Bc3
Nf5 16. Rhg1 Bg7 17. axb5 axb5 18. Rxa8 Qxa8 19. Ra1 Qb7 20. Qa2 Ke7 21. Qa7
Rb8 22. Qxb7 Rxb7 23. Ra8 Nf6 24. Nb3 Kd7 25. Na5 Rc7 26. Ra6 Ne7 27. Nxc6 Nxc6
28. Bxb5 Ng8 29. Ba4 Nge7 30. b5 Nb8 31. Ra8 Rc8 32. b6+ Nec6 33. Ra7+ Ke8 34.
Rc7 Kd8 35. Rxf7 Bh6 36. Rxh7 Bf8 37. Bb5 Be7 38. b7 Rc7 39. Rh8+ 1-0

[Event "ECCC 2013"]
[Site "Rhodes"]
[Date "2013.10.26"]
[Round "7"]
[White "Tripoteau, Nicolas"]
[Black "Banikas, Hristos"]
[Result "0-1"]
[WhiteElo "2363"]
[BlackElo "2630"]
[PlyCount "114"]
[EventDate "2013.10.20"]
[EventType "team"]
[EventRounds "7"]
[EventCountry "GRE"]
[WhiteTeam "Sautron"]
[BlackTeam "Peristeri"]

1. d4 Nf6 2. c4 e6 3. Nc3 Bb4 4. Qc2 c5 5. dxc5 O-O 6. Nf3 Na6 7. a3 Bxc3+ 8.
Qxc3 Nxc5 9. g3 b6 10. Bg2 Bb7 11. O-O Rc8 12. Be3 d5 13. Ne5 Qe7 14. Rac1 dxc4
15. Qxc4 Bxg2 16. Kxg2 Qb7+ 17. Kg1 Rfd8 18. Rfd1 Rxd1+ 19. Rxd1 h6 20. Rc1 Rc7
21. b4 Na6 22. Qd3 Rxc1+ 23. Bxc1 Qc8 24. Bb2 Nb8 25. Qd6 Nfd7 26. b5 Qc2 27.
Bd4 Qb1+ 28. Kg2 Qxb5 29. e4 Kh7 30. Nxf7 Qd3 31. f3 Qd2+ 32. Kf1 Qxh2 33. Nd8
e5 34. Bxe5 Qh5 35. f4 Qf3+ 36. Ke1 Qxe4+ 37. Kf2 Nxe5 38. fxe5 Qf5+ 39. Kg2
Nd7 40. e6 Qe4+ 41. Kf1 Ne5 42. e7 Qf3+ 43. Ke1 Qxg3+ 44. Kd1 Qf3+ 45. Kc2 Qe4+
46. Kc3 Qe3+ 47. Kc2 Qe2+ 48. Kc3 Qb2+ 49. Kxb2 Nc4+ 50. Kc3 Nxd6 51. Nf7 Ne8
52. Ne5 g6 53. Kd4 Kg7 54. Kd5 Kf6 55. Ng4+ Kxe7 56. Nxh6 Nf6+ 57. Ke5 b5 0-1

[Event "ECCC 2013"]
[Site "Rhodes"]
[Date "2013.10.26"]
[Round "7"]
[White "Aubry, Yannis"]
[Black "Sandalakis, Angelos"]
[Result "0-1"]
[WhiteElo "2184"]
[BlackElo "2394"]
[PlyCount "106"]
[EventDate "2013.10.20"]
[EventType "team"]
[EventRounds "7"]
[EventCountry "GRE"]
[WhiteTeam "Sautron"]
[BlackTeam "Peristeri"]

1. c4 e6 2. Nc3 d5 3. d4 Nf6 4. cxd5 exd5 5. Bf4 Bd6 6. Bxd6 Qxd6 7. e3 O-O 8.
Bd3 Nbd7 9. Qf3 c5 10. Nge2 cxd4 11. exd4 Nb6 12. O-O Rd8 13. Rac1 Bg4 14. Qf4
Bxe2 15. Qxd6 Rxd6 16. Nxe2 Kf8 17. Rc7 Rb8 18. Rfc1 g6 19. b3 Rd7 20. a4 Rxc7
21. Rxc7 Na8 22. Rc5 Ke7 23. Nc3 Rd8 24. f3 h5 25. h4 a6 26. b4 Kd6 27. b5 Nc7
28. bxa6 bxa6 29. Ra5 Ra8 30. Kf2 Nd7 31. g4 hxg4 32. fxg4 Rh8 33. Kg3 Kc6 34.
Nxd5 Nxd5 35. Rxa6+ Kc7 36. Bc4 N7f6 37. Ra7+ Kb8 38. Rxf7 Ne4+ 39. Kg2 Ne3+
40. Kf3 Nxc4 41. Rg7 Ncd2+ 42. Kf4 Rf8+ 43. Ke5 Nc3 44. Rxg6 Nf3+ 45. Ke6 Nxh4
46. Rh6 Nf3 47. d5 Ng5+ 48. Ke7 Rf7+ 49. Kd6 Nce4+ 50. Kc6 Rc7+ 51. Kb6 Nf7 52.
Rg6 Rb7+ 53. Ka5 Nfd6 0-1

[Event "ECCC 2013"]
[Site "Rhodes"]
[Date "2013.10.26"]
[Round "7"]
[White "Stathopoulos, Ioannis"]
[Black "Sorin, Baptiste"]
[Result "1-0"]
[WhiteElo "2286"]
[BlackElo "2183"]
[PlyCount "51"]
[EventDate "2013.10.20"]
[EventType "team"]
[EventRounds "7"]
[EventCountry "GRE"]
[WhiteTeam "Peristeri"]
[BlackTeam "Sautron"]

1. d4 d5 2. c4 e6 3. Nc3 Nf6 4. Bg5 Be7 5. Nf3 O-O 6. Qc2 Nbd7 7. e3 b6 8. cxd5
exd5 9. Bd3 Bb7 10. O-O-O c5 11. Ne5 h6 12. h4 Nxe5 13. dxe5 Ng4 14. Bf4 f6 15.
Nxd5 fxe5 16. Bc4 Kh8 17. f3 Bxd5 18. Rxd5 Qe8 19. Bxe5 Bf6 20. fxg4 Bxe5 21.
g5 a6 22. a3 Bg3 23. gxh6 Qxe3+ 24. Kb1 Qxh6 25. Be2 g6 26. Qc3+ 1-0

[Event "ECCC 2013"]
[Site "Rhodes"]
[Date "2013.10.26"]
[Round "7"]
[White "Gallant, Aurelien"]
[Black "Bellos, Ioannis"]
[Result "1/2-1/2"]
[WhiteElo "2124"]
[BlackElo "2044"]
[PlyCount "83"]
[EventDate "2013.10.20"]
[EventType "team"]
[EventRounds "7"]
[EventCountry "GRE"]
[WhiteTeam "Sautron"]
[BlackTeam "Peristeri"]

1. e4 Nf6 2. e5 Nd5 3. d4 d6 4. c4 Nb6 5. exd6 exd6 6. Nc3 Nc6 7. h3 Bf5 8. Be3
Be7 9. Nf3 O-O 10. Be2 d5 11. c5 Nc4 12. Bxc4 dxc4 13. O-O Bd3 14. Re1 Bf6 15.
Ne2 Nb4 16. Nf4 Nc2 17. Nxd3 cxd3 18. Qxd3 Nxa1 19. Rxa1 Qd5 20. b3 Rad8 21.
Rc1 Rfe8 22. Qc4 Re6 23. Qxd5 Rxd5 24. Rc4 h6 25. Kf1 Bg5 26. Ke2 Rd8 27. Kd2
Bxe3+ 28. fxe3 Rg6 29. Ne1 Rd5 30. Kd3 Rf5 31. Rc2 Rf1 32. Nf3 Rd1+ 33. Ke2 Ra1
34. Kf2 Ra6 35. a4 Ra3 36. Nd2 Rf6+ 37. Ke2 Ra1 38. d5 Rg1 39. Kd3 Rd1 40. Ke2
Rg1 41. Kd3 Rd1 42. Kd4 1/2-1/2

[Event "ECCC 2013"]
[Site "Rhodes"]
[Date "2013.10.26"]
[Round "7"]
[White "Miralles, Gilles"]
[Black "Swinkels, Robin"]
[Result "0-1"]
[WhiteElo "2472"]
[BlackElo "2536"]
[PlyCount "84"]
[EventDate "2013.10.20"]
[EventType "team"]
[EventRounds "7"]
[EventCountry "GRE"]
[WhiteTeam "Club d'Echecs de Geneve"]
[BlackTeam "SK 47 Eynatten"]

1. d4 d5 2. c4 c6 3. Nc3 Nf6 4. Qb3 dxc4 5. Qxc4 Bf5 6. Nf3 e6 7. e3 b5 8. Qb3
a6 9. a4 b4 10. Na2 Nbd7 11. Bd2 c5 12. Be2 Be7 13. O-O a5 14. dxc5 Nxc5 15.
Bb5+ Nfd7 16. Qd1 Bd3 17. Bxd3 Nxd3 18. Nc1 N7c5 19. Nd4 O-O 20. Nc6 Qd6 21.
Nxe7+ Qxe7 22. Nxd3 Nxd3 23. Qb3 Rfd8 24. Rad1 Qe8 25. e4 Nc5 26. Qc2 Nxa4 27.
Be3 Rdc8 28. Qe2 Nc5 29. Qg4 a4 30. h4 e5 31. Rd5 Qe6 32. Qxe6 Nxe6 33. Rxe5
Rc2 34. Rb1 a3 35. bxa3 bxa3 36. Reb5 a2 37. Ra1 f6 38. g3 Ra4 39. Kf1 Nd4 40.
Rb8+ Kf7 41. Ke1 Re2+ 42. Kd1 Re1+ 0-1

[Event "ECCC 2013"]
[Site "Rhodes"]
[Date "2013.10.26"]
[Round "7"]
[White "Dambacher, Martijn"]
[Black "Gerber, Richard"]
[Result "0-1"]
[WhiteElo "2493"]
[BlackElo "2390"]
[PlyCount "111"]
[EventDate "2013.10.20"]
[EventType "team"]
[EventRounds "7"]
[EventCountry "GRE"]
[WhiteTeam "SK 47 Eynatten"]
[BlackTeam "Club d'Echecs de Geneve"]

1. d4 Nf6 2. c4 g6 3. Nc3 Bg7 4. e4 d6 5. f3 O-O 6. Be3 Nc6 7. Qd2 a6 8. Nge2
Rb8 9. Nc1 h5 10. Nb3 e5 11. d5 Ne7 12. c5 Nh7 13. a4 f5 14. cxd6 cxd6 15. a5
b5 16. Bd3 Kh8 17. h3 Bf6 18. O-O-O Ng8 19. exf5 gxf5 20. Na2 Ne7 21. Nb4 Bb7
22. Be2 Rc8+ 23. Kb1 Qe8 24. g4 f4 25. Bf2 Bg7 26. Bd3 Nf6 27. Bh4 Qf7 28. Bxf6
Bxf6 29. Be4 Rc4 30. Rc1 Bh4 31. Rc2 Rfc8 32. Rhc1 Ng8 33. Bf5 R8c7 34. Qd3
Rxc2 35. Rxc2 Be1 36. Be6 Qg7 37. Rxc7 Qxc7 38. Qg6 Qh7 39. Qxh7+ Kxh7 40. Nc6
hxg4 41. hxg4 Nf6 42. g5 Ne8 43. Bd7 Nc7 44. Bf5+ Kg7 45. Be4 Bc8 46. Kc2 Bd7
47. Kd3 Bh4 48. g6 Be8 49. Ke2 Bxg6 50. Bxg6 Kxg6 51. Nb4 Bf6 52. Nc1 Kf5 53.
Kd3 Bh4 54. Ne2 Be1 55. Nc3 Bxc3 56. bxc3 0-1

[Event "ECCC 2013"]
[Site "Rhodes"]
[Date "2013.10.26"]
[Round "7"]
[White "Koch, Thomas"]
[Black "Domont, Alexandre"]
[Result "1-0"]
[WhiteElo "2437"]
[BlackElo "2373"]
[PlyCount "69"]
[EventDate "2013.10.20"]
[EventType "team"]
[EventRounds "7"]
[EventCountry "GRE"]
[WhiteTeam "SK 47 Eynatten"]
[BlackTeam "Club d'Echecs de Geneve"]

1. d4 d5 2. c4 c6 3. Nc3 dxc4 4. Nf3 e6 5. e4 b5 6. Be2 Bb7 7. O-O Nf6 8. Bg5
h6 9. Bxf6 Qxf6 10. d5 Bc5 11. e5 Qf5 12. dxe6 O-O 13. exf7+ Rxf7 14. b3 Nd7
15. bxc4 Nxe5 16. Qb1 Nxf3+ 17. Bxf3 Qe5 18. Qd3 Raf8 19. Rad1 b4 20. Ne4 a5
21. Rfe1 Ba6 22. h3 Re7 23. Re2 Ba7 24. Qc2 Qc7 25. Red2 c5 26. Nd6 Bb8 27. Bg4
Kh8 28. g3 Qc6 29. Rd5 Bxd6 30. Rxd6 Re1+ 31. Rxe1 Qxd6 32. Re6 Qd4 33. Rxa6
Re8 34. Qg6 Re1+ 35. Kg2 1-0

[Event "ECCC 2013"]
[Site "Rhodes"]
[Date "2013.10.26"]
[Round "7"]
[White "Vuilleumier, Alexandre"]
[Black "Polaczek, Richard"]
[Result "1-0"]
[WhiteElo "2325"]
[BlackElo "2427"]
[PlyCount "123"]
[EventDate "2013.10.20"]
[EventType "team"]
[EventRounds "7"]
[EventCountry "GRE"]
[WhiteTeam "Club d'Echecs de Geneve"]
[BlackTeam "SK 47 Eynatten"]

1. Nf3 Nf6 2. c4 e6 3. Nc3 Bb4 4. Qc2 O-O 5. a3 Bxc3 6. Qxc3 b6 7. g3 Bb7 8.
Bg2 d5 9. cxd5 exd5 10. O-O Re8 11. Re1 c5 12. b4 d4 13. Qc2 Rxe2 14. Rxe2 d3
15. Qc4 dxe2 16. Bb2 Bd5 17. Qxe2 Nbd7 18. Nh4 Bxg2 19. Kxg2 cxb4 20. axb4 a5
21. Qf3 Qe8 22. Nf5 Qe4 23. Qxe4 Nxe4 24. Bxg7 f6 25. Re1 Re8 26. bxa5 bxa5 27.
Rc1 Re5 28. g4 Kf7 29. d3 Nd2 30. d4 Nb3 31. Rc4 Rd5 32. Bh6 Nb6 33. Rc6 Nd7
34. Rc4 Nb6 35. Rc6 Nd7 36. Rc7 a4 37. Ra7 a3 38. Rxa3 Na5 39. Rc3 Nb6 40. Rh3
Nc6 41. Be3 Kg8 42. Rh6 Nd7 43. Kf3 Ra5 44. Ke4 Nd8 45. Rh5 Ra6 46. Nh6+ Kf8
47. Rd5 Ke8 48. Nf5 Nf7 49. Bd2 Ra2 50. Kd3 Ra3+ 51. Ke4 Ra2 52. Bb4 Rxf2 53.
Ra5 Ng5+ 54. Kd5 Rb2 55. Bd6 Rc2 56. Ra8+ Kf7 57. Ra7 Ke8 58. Ng7+ Kd8 59. Ra8+
Rc8 60. Ne6+ Nxe6 61. Rxc8+ Kxc8 62. Kxe6 1-0

[Event "ECCC 2013"]
[Site "Rhodes"]
[Date "2013.10.26"]
[Round "7"]
[White "Philipowski, Robert"]
[Black "Duport, Nicolas"]
[Result "1-0"]
[WhiteElo "2298"]
[BlackElo "2219"]
[PlyCount "27"]
[EventDate "2013.10.20"]
[EventType "team"]
[EventRounds "7"]
[EventCountry "GRE"]
[WhiteTeam "SK 47 Eynatten"]
[BlackTeam "Club d'Echecs de Geneve"]

1. e4 e5 2. Nf3 Nf6 3. Nxe5 d6 4. Nf3 Nxe4 5. d4 d5 6. Bd3 Nc6 7. O-O Be7 8.
Re1 Bf5 9. a3 Qd7 10. c4 Nf6 11. Ne5 Nxe5 12. dxe5 Ne4 13. cxd5 Qxd5 14. Qa4+
1-0

[Event "ECCC 2013"]
[Site "Rhodes"]
[Date "2013.10.26"]
[Round "7"]
[White "Kovacs, Gabor"]
[Black "Shengelia, David"]
[Result "0-1"]
[WhiteElo "2459"]
[BlackElo "2556"]
[PlyCount "120"]
[EventDate "2013.10.20"]
[EventType "team"]
[EventRounds "7"]
[EventCountry "GRE"]
[WhiteTeam "Haladas VSE, Szombathely"]
[BlackTeam "SK Advisory Invest Baden"]

1. c4 Nf6 2. Nc3 e6 3. Nf3 Bb4 4. Qc2 O-O 5. a3 Bxc3 6. Qxc3 b6 7. g3 Bb7 8.
Bg2 c5 9. O-O d5 10. cxd5 Nxd5 11. Qc4 Nc6 12. d3 Rc8 13. Bd2 Qf6 14. Rab1 h6
15. Qa4 Rfd8 16. Rfc1 Qe7 17. Kf1 a6 18. Qc4 e5 19. Qh4 Nf6 20. Bc3 Nd4 21.
Bxd4 Bxf3 22. Be3 Bxg2+ 23. Kxg2 Qe6 24. Qc4 Nd5 25. Bd2 b5 26. Qh4 Nf6 27. Be3
e4 28. dxe4 Ng4 29. Kg1 Nxe3 30. fxe3 Rd2 31. Kf2 Qb3 32. Qe7 c4 33. Qe5 Qd3
34. Re1 c3 35. bxc3 Rxc3 36. Qb8+ Kh7 37. Qf4 Rxa3 38. Rbc1 Rc3 39. Kf3 Qc4 40.
Rxc3 Qxc3 41. Qxf7 Rd6 42. Qf5+ g6 43. Qf7+ Qg7 44. Qe8 Qf6+ 45. Kg2 Rd8 46. e5
Rxe8 47. exf6 Rxe3 48. Rc1 Rxe2+ 49. Kf3 Re6 50. Rc7+ Kg8 51. Rg7+ Kf8 52. Rxg6
b4 53. Rxh6 Rb6 54. Rh8+ Kf7 55. Rh7+ Kg8 56. Rh6 Kf7 57. Rh7+ Kg6 58. Rc7 b3
59. Rc1 b2 60. Rb1 a5 0-1

[Event "ECCC 2013"]
[Site "Rhodes"]
[Date "2013.10.26"]
[Round "7"]
[White "Petenyi, Tamas"]
[Black "Dzierzenga, Stefan"]
[Result "1-0"]
[WhiteElo "2464"]
[BlackElo "2173"]
[PlyCount "57"]
[EventDate "2013.10.20"]
[EventType "team"]
[EventRounds "7"]
[EventCountry "GRE"]
[WhiteTeam "Haladas VSE, Szombathely"]
[BlackTeam "SK Advisory Invest Baden"]

1. e4 e6 2. d4 d5 3. Nd2 Nf6 4. e5 Nfd7 5. Bd3 c5 6. c3 Nc6 7. Ne2 cxd4 8. cxd4
f6 9. exf6 Nxf6 10. O-O Bd6 11. Nf3 O-O 12. Bg5 Qc7 13. Bh4 Nh5 14. Qc2 h6 15.
Bh7+ Kh8 16. Bg6 Rxf3 17. Bxh5 Rf8 18. Bg3 Bd7 19. Rad1 Rf6 20. Qd2 Raf8 21.
Qe3 Ne7 22. Qa3 Bxg3 23. hxg3 Be8 24. Bxe8 Rxe8 25. Qxa7 Qc2 26. Nf4 Nc8 27.
Qxb7 Qa4 28. b3 Qa3 29. Nh5 1-0

[Event "ECCC 2013"]
[Site "Rhodes"]
[Date "2013.10.26"]
[Round "7"]
[White "Herndlbauer, Martin"]
[Black "Nagy, Gabor"]
[Result "0-1"]
[WhiteElo "2125"]
[BlackElo "2414"]
[PlyCount "44"]
[EventDate "2013.10.20"]
[EventType "team"]
[EventRounds "7"]
[EventCountry "GRE"]
[WhiteTeam "SK Advisory Invest Baden"]
[BlackTeam "Haladas VSE, Szombathely"]

1. d4 Nf6 2. c4 c5 3. d5 e6 4. Nc3 exd5 5. cxd5 d6 6. e4 g6 7. f3 Bg7 8. Bg5 a6
9. a4 h6 10. Be3 O-O 11. Qd2 Re8 12. Nge2 h5 13. Ng3 h4 14. Nge2 Nbd7 15. Bg5
Ne5 16. Bxh4 Nxe4 17. Bxd8 Nxd2 18. Bc7 Ndc4 19. b3 Nd3+ 20. Kd1 Bxc3 21. Nxc3
Re1+ 22. Kc2 Nb4# 0-1

[Event "ECCC 2013"]
[Site "Rhodes"]
[Date "2013.10.26"]
[Round "7"]
[White "Ebert, Christian"]
[Black "Pergel, Laszlo"]
[Result "0-1"]
[WhiteElo "2008"]
[BlackElo "2249"]
[PlyCount "38"]
[EventDate "2013.10.20"]
[EventType "team"]
[EventRounds "7"]
[EventCountry "GRE"]
[WhiteTeam "SK Advisory Invest Baden"]
[BlackTeam "Haladas VSE, Szombathely"]

1. e4 c5 2. d4 cxd4 3. c3 d3 4. c4 Nc6 5. Bxd3 d6 6. Nc3 Nf6 7. h3 e6 8. f4 g6
9. Nf3 Bg7 10. O-O O-O 11. Be3 d5 12. Bc5 Re8 13. e5 Nh5 14. Ng5 Nxe5 15. cxd5
Nxf4 16. Nxf7 Qc7 17. Ne4 Nexd3 18. Nfd6 Rf8 19. Nb5 Qe5 0-1

[Event "ECCC 2013"]
[Site "Rhodes"]
[Date "2013.10.26"]
[Round "7"]
[White "Raznikov, Danny"]
[Black "Ermeni, Avni"]
[Result "1/2-1/2"]
[WhiteElo "2486"]
[BlackElo "2274"]
[PlyCount "60"]
[EventDate "2013.10.20"]
[EventType "team"]
[EventRounds "7"]
[EventCountry "GRE"]
[WhiteTeam "Kfar Saba Chess Club"]
[BlackTeam "Expik Kosova"]

1. d4 Nf6 2. c4 c5 3. d5 b5 4. cxb5 a6 5. bxa6 g6 6. Nc3 d6 7. e4 Bg7 8. Nf3
O-O 9. Be2 Bxa6 10. O-O Nbd7 11. a4 Qb6 12. Bxa6 Qxa6 13. Ra3 Rfb8 14. Nb5 Qc8
15. Re1 Ng4 16. Qc2 Nb6 17. h3 Ne5 18. Nxe5 Bxe5 19. b3 c4 20. Be3 cxb3 21.
Qxc8+ Nxc8 22. Rxb3 Rxa4 23. f3 Na7 24. Reb1 Rxb5 25. Rxb5 Nxb5 26. Rxb5 Ra1+
27. Kf2 Ra2+ 28. Kf1 Ra1+ 29. Ke2 Ra2+ 30. Kf1 Ra1+ 1/2-1/2

[Event "ECCC 2013"]
[Site "Rhodes"]
[Date "2013.10.26"]
[Round "7"]
[White "Haskaj, Fatmir"]
[Black "Ben Artzi, Ido"]
[Result "0-1"]
[WhiteElo "2223"]
[BlackElo "2370"]
[PlyCount "68"]
[EventDate "2013.10.20"]
[EventType "team"]
[EventRounds "7"]
[EventCountry "GRE"]
[WhiteTeam "Expik Kosova"]
[BlackTeam "Kfar Saba Chess Club"]

1. e4 d6 2. d4 Nf6 3. Bd3 e5 4. c3 d5 5. dxe5 Nxe4 6. Bxe4 dxe4 7. Qa4+ Bd7 8.
Qxe4 Bc6 9. Qg4 h5 10. Qg3 h4 11. Qg4 Qd7 12. e6 Qxe6+ 13. Qxe6+ fxe6 14. f3
Nd7 15. Nh3 Ne5 16. b3 Nd3+ 17. Ke2 Nxc1+ 18. Rxc1 Bd6 19. Rh1 Be5 20. Kd3
O-O-O+ 21. Kc2 g5 22. Nd2 g4 23. Ng5 Rxd2+ 24. Kxd2 Bf4+ 25. Ke2 Bxg5 26. h3
gxf3+ 27. gxf3 Rf8 28. Rhf1 e5 29. Rad1 Bf4 30. a3 Bd7 31. Rh1 Bf5 32. Ra1 Kd7
33. Ra2 Rg8 34. Kf2 Rg3 0-1

[Event "ECCC 2013"]
[Site "Rhodes"]
[Date "2013.10.26"]
[Round "7"]
[White "Ajvazi, Ramadan"]
[Black "Mindlin, Alon"]
[Result "0-1"]
[WhiteElo "2152"]
[BlackElo "2286"]
[PlyCount "64"]
[EventDate "2013.10.20"]
[EventType "team"]
[EventRounds "7"]
[EventCountry "GRE"]
[WhiteTeam "Expik Kosova"]
[BlackTeam "Kfar Saba Chess Club"]

1. d4 d5 2. c4 e6 3. Nc3 c5 4. cxd5 exd5 5. Nf3 Nc6 6. g3 Nf6 7. Bg2 Be7 8. O-O
O-O 9. Bf4 h6 10. Rc1 Be6 11. dxc5 Bxc5 12. Ne5 Be7 13. Qa4 Qb6 14. Nxc6 bxc6
15. Qc2 Rac8 16. Be3 d4 17. Na4 Qd8 18. Rfd1 c5 19. b3 Qd7 20. Nb2 Bf5 21. Qc4
Bd6 22. Bd2 Rfe8 23. Bf3 Be4 24. Bxe4 Rxe4 25. b4 Qh3 26. Qd3 Ng4 27. Qf3 Rxe2
28. Nd3 Qxh2+ 29. Kf1 Rce8 30. bxc5 Bxg3 31. Be1 Qh3+ 32. Qg2 Ne3+ 0-1

[Event "ECCC 2013"]
[Site "Rhodes"]
[Date "2013.10.26"]
[Round "7"]
[White "Wegerle, Joerg"]
[Black "Palliser, Richard J D"]
[Result "0-1"]
[WhiteElo "2438"]
[BlackElo "2455"]
[PlyCount "73"]
[EventDate "2013.10.20"]
[EventType "team"]
[EventRounds "7"]
[EventCountry "GRE"]
[WhiteTeam "Schachgesellschaft Solingen"]
[BlackTeam "White Rose"]

1. c4 e5 2. g3 c6 3. d4 Bb4+ 4. Bd2 Bxd2+ 5. Qxd2 d6 6. Bg2 Nf6 7. Nc3 O-O 8.
e3 Be6 9. b3 exd4 10. exd4 d5 11. c5 b6 12. cxb6 axb6 13. Nge2 Qd6 14. O-O Re8
15. h3 Bf5 16. g4 Be4 17. Ng3 Bxg2 18. Kxg2 Nbd7 19. Rfe1 Nf8 20. Nf5 Qc7 21.
Re5 Rxe5 22. dxe5 Qxe5 23. Re1 Ne4 24. Nxe4 dxe4 25. Qc2 Re8 26. Qxc6 Ng6 27.
Nd6 Rd8 28. Nf5 Nf4+ 29. Kf1 g6 30. Ng3 e3 31. Qf3 Qb5+ 32. Ne2 exf2 33. Rc1 g5
34. a4 Qa6 35. Rc4 Qa5 36. Kxf2 Rd2 37. Re4 0-1

[Event "ECCC 2013"]
[Site "Rhodes"]
[Date "2013.10.26"]
[Round "7"]
[White "Barrett, Stephen J"]
[Black "Kniest, Oliver"]
[Result "0-1"]
[WhiteElo "2216"]
[BlackElo "2305"]
[PlyCount "68"]
[EventDate "2013.10.20"]
[EventType "team"]
[EventRounds "7"]
[EventCountry "GRE"]
[WhiteTeam "White Rose"]
[BlackTeam "Schachgesellschaft Solingen"]

1. d4 e6 2. c4 Nf6 3. Nc3 Bb4 4. Qc2 c5 5. dxc5 Bxc5 6. Nf3 Qb6 7. e3 Qc7 8.
Bd3 b6 9. a3 a6 10. b4 Be7 11. Bb2 d6 12. Rc1 Nbd7 13. O-O Bb7 14. Ne4 h6 15.
Rfd1 O-O 16. Ng3 Rac8 17. Qe2 Qb8 18. Nd4 Qa8 19. f3 Rfe8 20. h3 d5 21. cxd5
Nxd5 22. Bb1 Bf8 23. Qd3 g6 24. h4 Ne5 25. Qe2 Rxc1 26. Rxc1 Qd8 27. f4 Qxh4
28. Ne4 Ng4 29. Nf3 Qe7 30. Bd4 Bg7 31. Ne5 Bxe5 32. fxe5 Qh4 33. g3 Qh3 34.
Qf1 Qh2# 0-1